Điện tâm đồ trong sinh lí và bệnh lí

में बचाया:
ग्रंथसूची विवरण
मुख्य लेखक: Lê Minh
स्वरूप: पुस्तक
भाषा:Undetermined
प्रकाशित: Hà Nội Y học 1980
विषय:
टैग : टैग जोड़ें
कोई टैग नहीं, इस रिकॉर्ड को टैग करने वाले पहले व्यक्ति बनें!
Thư viện lưu trữ: Trung tâm Học liệu Trường Đại học Cần Thơ
LEADER 00571nam a2200181Ia 4500
001 CTU_7582
008 210402s9999 xx 000 0 und d
082 |a 616.1207547 
082 |b M312 
100 |a Lê Minh 
245 0 |a Điện tâm đồ trong sinh lí và bệnh lí 
245 0 |c Lê Minh, Nguyễn Mạnh Hùng 
260 |a Hà Nội 
260 |b Y học 
260 |c 1980 
650 |a electrocardiography,heart - diseases - diagnosis 
904 |i Nguyễn Huỳnh Mai, 960823 
980 |a Trung tâm Học liệu Trường Đại học Cần Thơ